Statistics for Country Connect by Last Two Neighbors

Click here to take the quiz!

General Stats

  • This quiz has been taken 59 times
  • The average score is 77 of 152

Answers on the Map

Answers color-coded by a green-red scale on the quiz's map according to % correct below.
 

Answer Stats

Country% Correct
Argentina
100%
Chile
100%
Bolivia
93%
Brazil
93%
Paraguay
93%
Colombia
86%
Ecuador
86%
Guyana
86%
Peru
86%
Suriname
86%
Venezuela
86%
Andorra
83%
France
83%
Spain
83%
Portugal
79%
Austria
72%
Germany
72%
Hungary
72%
Italy
72%
Slovenia
72%
Switzerland
72%
Albania
69%
Bosnia and
Herzegovina
69%
Bulgaria
69%
Croatia
69%
Greece
69%
Iran
69%
Iraq
69%
Kosovo
69%
Montenegro
69%
North Macedonia
69%
Serbia
69%
Syria
69%
Turkey
69%
Algeria
66%
Benin
66%
Burkina Faso
66%
Chad
66%
Egypt
66%
Ghana
66%
Guinea
66%
Guinea-Bissau
66%
Israel
66%
Ivory Coast
66%
Jordan
66%
Lebanon
66%
Libya
66%
Mali
66%
Mauritania
66%
Morocco
66%
Niger
66%
Nigeria
66%
Senegal
66%
Sudan
66%
Togo
66%
Tunisia
66%
Angola
55%
Botswana
55%
Cameroon
55%
Central African
Republic
55%
D. R. Congo
55%
Gambia
55%
Liberia
55%
Malawi
55%
Mozambique
55%
Namibia
55%
Rep. of the Congo
55%
Sierra Leone
55%
South Africa
55%
Tanzania
55%
Uganda
55%
Zambia
55%
Zimbabwe
55%
Burundi
52%
Djibouti
52%
Eritrea
52%
Eswatini
52%
Ethiopia
52%
Kenya
52%
Lesotho
52%
Rwanda
52%
Somalia
52%
South Sudan
52%
Equatorial Guinea
48%
Gabon
48%
Kuwait
48%
Saudi Arabia
48%
Oman
45%
Qatar
45%
Russia
45%
United Arab Emirates
45%
Yemen
45%
Armenia
41%
Azerbaijan
41%
Georgia
41%
Romania
41%
Ukraine
41%
Belarus
38%
Czech Republic
38%
Moldova
38%
Poland
38%
Slovakia
38%
China
34%
Estonia
34%
India
34%
Kazakhstan
34%
Latvia
34%
Lithuania
34%
Pakistan
34%
Uzbekistan
34%
Afghanistan
31%
Bangladesh
31%
Brunei
31%
Cambodia
31%
East Timor
31%
Indonesia
31%
Kyrgyzstan
31%
Laos
31%
Malaysia
31%
Myanmar
31%
Papua New Guinea
31%
Tajikistan
31%
Thailand
31%
Turkmenistan
31%
Vietnam
31%
Bhutan
28%
Mongolia
28%
Nepal
28%
Belgium
21%
Belize
21%
Canada
21%
Costa Rica
21%
Denmark
21%
El Salvador
21%
Finland
21%
Guatemala
21%
Honduras
21%
Liechtenstein
21%
Luxembourg
21%
Mexico
21%
Monaco
21%
#N/A
21%
Netherlands
21%
Nicaragua
21%
North Korea
21%
Norway
21%
Panama
21%
San Marino
21%
South Korea
21%
Sweden
21%
United States
21%
Uruguay
21%

Score Distribution

Percentile by Number Answered

Percent of People with Each Score

Your Score History

You have not taken this quiz